International economics : (Record no. 8868)

MARC details
000 -LEADER
fixed length control field 00996cam a2200289 a 4500
001 - CONTROL NUMBER
control field 1054786
003 - CONTROL NUMBER IDENTIFIER
control field OSt
005 - DATE AND TIME OF LATEST TRANSACTION
control field 20240626100301.0
008 - FIXED-LENGTH DATA ELEMENTS--GENERAL INFORMATION
fixed length control field 900827s1991 nyua 001 0 eng
010 ## - LIBRARY OF CONGRESS CONTROL NUMBER
LC control number 90046725
020 ## - INTERNATIONAL STANDARD BOOK NUMBER
International Standard Book Number 0673521044 (student ed.)
020 ## - INTERNATIONAL STANDARD BOOK NUMBER
International Standard Book Number 0673521516 (teacher ed.)
040 ## - CATALOGING SOURCE
Original cataloging agency DLC
Transcribing agency MUST
Modifying agency DLC
082 00 - DEWEY DECIMAL CLASSIFICATION NUMBER
Classification number 337 KRU 1991
100 1# - MAIN ENTRY--PERSONAL NAME
Personal name Krugman, Paul R.
9 (RLIN) 7848
245 10 - TITLE STATEMENT
Title International economics :
Remainder of title theory and policy /
Statement of responsibility, etc. Paul R. Krugman, Maurice Obstfeld.
250 ## - EDITION STATEMENT
Edition statement 2nd ed.
260 ## - PUBLICATION, DISTRIBUTION, ETC. (IMPRINT)
Place of publication, distribution, etc. New York, NY :
Name of publisher, distributor, etc. HarperCollins,
Date of publication, distribution, etc. 1991.
300 ## - PHYSICAL DESCRIPTION
Extent xxvi, 682, 30, 12 p. :
Other physical details ill. ;
Dimensions 24 cm.
500 ## - GENERAL NOTE
General note Includes index.
650 #0 - SUBJECT ADDED ENTRY--TOPICAL TERM
Topical term or geographic name as entry element International economic relations.
9 (RLIN) 1023
650 #0 - SUBJECT ADDED ENTRY--TOPICAL TERM
Topical term or geographic name as entry element International finance.
9 (RLIN) 1014
700 1# - ADDED ENTRY--PERSONAL NAME
Personal name Obstfeld, Maurice.
9 (RLIN) 7849
906 ## - LOCAL DATA ELEMENT F, LDF (RLIN)
a 7
b cbc
c orignew
d 1
e ocip
f 19
g y-gencatlg
942 ## - ADDED ENTRY ELEMENTS (KOHA)
Source of classification or shelving scheme Dewey Decimal Classification
Koha item type Open Shelf
Holdings
Withdrawn status Lost status Source of classification or shelving scheme Damaged status Not for loan Home library Current library Date acquired Source of acquisition Inventory number Total Checkouts Full call number Barcode Date last seen Price effective from Koha item type
    Dewey Decimal Classification     MUST Main Library MUST Main Library 26/06/2024 Purchase 2005/24249   337 KRU 1991 2024-21351 26/06/2024 26/06/2024 Open Shelf